Top 10 ATP Tennis Players 2024 by Picture - Statistics

General Stats
  • This quiz has been taken 65 times
  • The average score is 8 of 10
Answer Stats
Picture Answer % Correct
Novak Djokovic
92%
Carlos Alcaraz
91%
Jannik Sinner
91%
Alexander Zverev
87%
Daniil Medvedev
81%
Taylor Fritz
75%
Andrey Rublev
70%
Casper Ruud
68%
Alex de Minaur
58%
Grigor Dimitrov
57%
No matching quizzes found
Score Distribution
Percent of People with Each Score
Percentile by Number Answered
Your Score History
You have not taken this quiz